| 000 | 00540nam a2200181Ia 4500 | ||
|---|---|---|---|
| 008 | 090123s9999 xx 000 0 und d | ||
| 082 | _b968 | ||
| 100 | _aमाडगूळकर व्यंकटेश | ||
| 245 | _aकाळी आई | ||
| 250 | _a2 | ||
| 260 | _bभागवत वा.पु. | ||
| 300 | _a143 | ||
| 600 | _aमाडगूळकर व्यंकटेश | ||
| 630 | _aकाळी आई | ||
| 700 | _aमाडगूळकर व्यंकटेश | ||
| 730 | _aकाळी आई | ||
| 942 | _cBOOK | ||
| 999 |
_c39053 _d39053 |
||